Ricostruisci la carriera di Giuseppe Meazza - Statistics

Statistiche generali
  • Questo quiz è stato fatto 25 volte
  • Il punteggio medio è 3 su 6
Statistiche sulle risposte
Hint Risposta % Corretto
1927-1940 Inter
78%
1946-1947 Inter (2)
67%
1940-1942 Milan
61%
1944-1946 Atalanta
39%
1943-1944 Varese
39%
1942-1943 Juventus
33%
Nessun quiz corrispondente trovato
Distribuzione punteggi
Percentuale di utenti per punteggio
Percentile per numero di risposta
I tuoi punteggi nel tempo
Non hai fatto questo quiz